000 00455nam a2200157Ia 4500
005 20250527111954.0
008 231217s9999 xx 000 0 und d
020 _a9780070472983
082 _a001.64404 GOD;1 R
100 _aGodbole, Achyut S. Kahate, Atul.
245 0 _aWeb technologies : TCP/ICP to internet application architectures
260 _c2003
_bTMH
_aNew Delhi
300 _axviii+599
650 _aTCP/ICP,architectures
942 _cAA
999 _c194353
_d194353